Бозинген: казахские народные сказки; для старшего школьного возраста; пер. с казах.

Dades bibliogràfiques
Altres autors: Алин М. (иллюстратор)
Idioma:rus
Publicat: Алма-Ата, Жалын, 1985
Matèries:
Format: MixedMaterials Llibre
KOHA link:https://koha.lib.tpu.ru/cgi-bin/koha/opac-detail.pl?biblionumber=155962

MARC

LEADER 00000nam0a2200000 4500
001 155962
005 20231101221855.0
020 |a RU  |b 85-24325 
035 |a (RuTPU)RU\TPU\book\169151 
090 |a 155962 
100 |a 20090320d1984 e y0rusy5003 ca 
101 1 |a rus  |c kaz 
102 |a KZ 
105 |a a z 000ay 
200 1 |a Бозинген  |e казахские народные сказки  |e для старшего школьного возраста  |e пер. с казах.  |f худож. М. Алин 
210 |a Алма-Ата  |c Жалын  |d 1985 
215 |a 208 с.  |c ил.  |d 22 см 
606 1 |a Казахская литература  |2 stltpush  |3 (RuTPU)RU\TPU\subj\13476  |9 40080 
610 1 |a сказки 
610 1 |a детская литература 
610 1 |a фольклор 
675 |a 894.342  |v 3 
702 1 |a Алин  |b М.  |4 440 
801 0 |a RU  |b RuMRKP  |c 19950704  |g psbo 
801 1 |a RU  |b 63413507  |c 20090320  |g PSBO 
801 2 |a RU  |b 63413507  |c 20200525  |g PSBO 
942 |c BK